书目信息 |
| 题名: |
工程造价专业英语
|
|
| 作者: | 张宜松 主编 | |
| 分册: | ||
| 出版信息: | 重庆 重庆大学出版社 2007.06 |
|
| 页数: | 178页 | |
| 开本: | 26cm | |
| 丛书名: | 高等职业教育工程造价专业系列教材 | |
| 单 册: | ||
| 中图分类: | H31 | |
| 科图分类: | ||
| 主题词: | 建筑工程--jian zhu gong cheng--工程造价--英语--高等学校--教材 | |
| 电子资源: | ||
| ISBN: | 978-7-5624-3992-9 | |
| 000 | 01287nam 2200277 450 | |
| 001 | 012008032361 | |
| 005 | 20131025151018.59 | |
| 010 | @a978-7-5624-3992-9@dCNY16.00 | |
| 100 | @a20080515d2007 em y0chiy0120 ea | |
| 101 | 0 | @achi@aeng |
| 102 | @aCN@b500000 | |
| 105 | @ay a 000yy | |
| 200 | 1 | @a工程造价专业英语@Agong cheng zao jia zhuan ye ying yu@f张宜松主编@Fzhang yi song zhu bian |
| 205 | @a第2版 | |
| 210 | @a重庆@c重庆大学出版社@d2007.06 | |
| 215 | @a178页@d26cm | |
| 225 | 2 | @a高等职业教育工程造价专业系列教材@Agao deng zhi ye jiao yu gong cheng zao jia zhuan ye xi lie jiao cai |
| 300 | @a普通高等教育“十一五”国家级规划教材 | |
| 320 | @a有书目 (第177-178页) | |
| 330 | @a本书针对工程造价专业的学生及从事建筑房地产行业的相关人员,内容由易到难,逐层展开,注重学习的实用性和趣味性。每个单元有一篇课文,一篇会话,一篇阅读,内容涉及工程管理基础知识、招标投标、工程量清单、合同管理、项目管理、索赔、付款等方面。书后附有投标书、协议书、投标保函、履约保函等中英文常用格式以及工程造价专业词汇和参考译文。 | |
| 410 | 0 | @12001 @a高等职业教育工程造价专业系列教材 |
| 606 | 0 | @a建筑工程@Ajian zhu gong cheng@x工程造价@x英语@x高等学校@j教材 |
| 690 | @aH31@v4 | |
| 701 | 0 | @a张宜松@Azhang yi song@4主编 |
| 801 | 0 | @aCN@bQSSK@c20080515 |
| 905 | @b712234-36@dH31@eZ236@f3 | |
| 工程造价专业英语/张宜松主编.-第2版.-重庆:重庆大学出版社,2007.06 |
| 178页;26cm.-(高等职业教育工程造价专业系列教材) |
| 普通高等教育“十一五”国家级规划教材 |
| ISBN 978-7-5624-3992-9:CNY16.00 |
| 本书针对工程造价专业的学生及从事建筑房地产行业的相关人员,内容由易到难,逐层展开,注重学习的实用性和趣味性。每个单元有一篇课文,一篇会话,一篇阅读,内容涉及工程管理基础知识、招标投标、工程量清单、合同管理、项目管理、索赔、付款等方面。书后附有投标书、协议书、投标保函、履约保函等中英文常用格式以及工程造价专业词汇和参考译文。 |
| ● |
| 相关链接 |
|
|
|
正题名:工程造价专业英语
索取号:H31/Z236
 
预约/预借
| 序号 | 登录号 | 条形码 | 馆藏地/架位号 | 状态 | 备注 |
| 1 | 476602 | 204766020 | 管理学院资料室/209语言库 83排3列2层/ [索取号:H31/Z236] | 在馆 | |
| 2 | 476603 | 204766039 | 管理学院资料室/209语言库 83排3列2层/ [索取号:H31/Z236] | 在馆 | |
| 3 | 492126 | 204921264 | 管理学院资料室/209语言库 83排3列2层/ [索取号:H31/Z236] | 在馆 | |
| 4 | 712234 | 207122344 | 城院文库/ [索取号:H31/Z236] | 在馆 | |
| 5 | 712235 | 207122353 | 管理学院资料室/209语言库 83排3列2层/ [索取号:H31/Z236] | 在馆 | |
| 6 | 712236 | 207122362 | 管理学院资料室/209语言库 83排3列2层/ [索取号:H31/Z236] | 在馆 |